| 000 -LEADER | |
|---|---|
| fixed length control field | 00480nam a22001817a 4500 |
| 005 - DATE AND TIME OF LATEST TRANSACTION | |
| control field | 20250911111820.0 |
| 008 - FIXED-LENGTH DATA ELEMENTS--GENERAL INFORMATION | |
| fixed length control field | 250909b |||||||| |||| 00| 0 eng d |
| 020 ## - INTERNATIONAL STANDARD BOOK NUMBER | |
| ISBN | 978-93-5696-727-4 |
| 041 ## - LANGUAGE CODE | |
| Language code of text/sound track or separate title | eng |
| 082 ## - DEWEY DECIMAL CLASSIFICATION NUMBER | |
| Classification number | 616.15 KAW-E |
| 100 ## - MAIN ENTRY--AUTHOR NAME | |
| Personal name | KAWTHALKAR, SHRISH M. |
| 245 ## - TITLE STATEMENT | |
| Title | ESSENTIALS OF HEMATOLOGY [ 4TH ED,] |
| 250 ## - EDITION STATEMENT | |
| Edition statement | 4TH ED. 2025 |
| 260 ## - PUBLICATION, DISTRIBUTION, ETC. (IMPRINT) | |
| Place of publication | NEW DELHI |
| Name of publisher | JAYPEE BROTHERS M P. LTD |
| Year of publication | 2025 |
| 300 ## - PHYSICAL DESCRIPTION | |
| Number of Pages | 641;P |
| 650 ## - SUBJECT ADDED ENTRY--TOPICAL TERM | |
| Topical Term | PARAEDICAL |
| 942 ## - ADDED ENTRY ELEMENTS (KOHA) | |
| Koha item type | Books |
| Lost status | Damaged status | Collection code | Home library | Current library | Shelving location | Date acquired | Source of acquisition | Cost, normal purchase price | Full call number | Accession Number | Koha item type |
|---|---|---|---|---|---|---|---|---|---|---|---|
| PARAMEDICAL | JRU Library | JRU Library | Reference Section | 09/09/2025 | PURCHASE | 1325.00 | 616.15 | 28802 | Books | ||
| PARAMEDICAL | JRU Library | JRU Library | SHELF-106-A | 09/09/2025 | PURCHASE | 1325.00 | 616.15 | 28803 | Books | ||
| PARAMEDICAL | JRU Library | JRU Library | SHELF-106-A | 09/09/2025 | PURCHASE | 1325.00 | 616.15 | 28804 | Books | ||
| PARAMEDICAL | JRU Library | JRU Library | SHELF-106-A | 09/09/2025 | PURCHASE | 1325.00 | 616.15 | 28805 | Books | ||
| PARAMEDICAL | JRU Library | JRU Library | SHELF-106-A | 09/09/2025 | PURCHASE | 1325.00 | 616.15 | 28806 | Books |